Countries of Asia Cryptoquip - Statistics

General Stats
  • This quiz has been taken 19 times
  • The average score is 27 of 48
Answer Stats
Code Actual Country % Correct
Jchz Iran
93%
Jchl Iraq
93%
Ehkhz Japan
87%
Jvchwt Israel
80%
Thrv Laos
80%
Vhmpj Hchujh Saudi Arabia
80%
Hgbdhzjvyhz Afghanistan
73%
Jzpjh India
73%
Ercphz Jordan
73%
Nhshndvyhz Kazakhstan
73%
Zrcyd Nrcwh North Korea
73%
Rihz Oman
73%
Vrmyd Nrcwh South Korea
73%
Ymcniwzjvyhz Turkmenistan
73%
Hswcuhjehz Azerbaijan
67%
Jzprzwvjh Indonesia
67%
Nacbasvyhz Kyrgyzstan
67%
Yhejnjvyhz Tajikistan
67%
Mzjywp Hchu Wijchywv United Arab Emirates
67%
Zwkht Nepal
60%
Lhyhc Qatar
60%
Vcj Thznh Sri Lanka
60%
Vacjh Syria
60%
Kdjtjkkjzwv Philippines
53%
Ydhjthzp Thailand
53%
Ymcnwa Turkey
53%
Msuwnjvyhz Uzbekistan
53%
Awiwz Yemen
53%
Whvy Yjirc East Timor
47%
Nmqhjy Kuwait
47%
Twuhzrz Lebanon
47%
Vjzbhkrcw Singapore
47%
Hciwzjh Armenia
40%
Udmyhz Bhutan
40%
Xdjzh China
40%
Ihthavjh Malaysia
40%
Khnjvyhz Pakistan
40%
Yhjqhz Taiwan
40%
Uhzbthpwvd Bangladesh
33%
Ucmzwj Brunei
33%
Bwrcbjh Georgia
33%
Ihtpjowv Maldives
33%
Irzbrtjh Mongolia
33%
Iahzihc Myanmar
33%
Ojwyzhi Vietnam
33%
Uhdchjz Bahrain
20%
Xhiurpjh Cambodia
20%
Xakcmv Cyprus
20%
No matching quizzes found
Score Distribution
Percent of People with Each Score
Percentile by Number Answered
Your Score History
You have not taken this quiz